000 00803nam a22002057a 4500
005 20180712111338.0
010 _aB-121613
020 _a8176295841 (v.1)
035 _aB-121613, B-121612
037 _bDeep & Deep Publications Pvt. Ltd.
082 _a378.003
100 _aGoel, Aruna
245 _aEncyclopaedia of higher education in the 21st century:
_borganizations, administration and functions
_cAruna Goel [and] S.L. Goel
260 _aNew Delhi
_bDeep & Deep Publications Pvt. Ltd.
_c2005
270 _aF-159, Rajouri Garden, New Delhi-110027
_bNew Delhi
_e110027
300 _a522p.
_c25cm(hb)
700 _aGoel, S. L.
942 _2ddc
_cEN
_h378.003
_mGOY
999 _c153765
_d153765